00251nam a22000857a 4500040000700000082000800007100002200015245004600037260008200083 cHS a635 aWAYNE L. SCHRADER aUsing transplants in vegetable production aUniversity of californiabdivision of agriculture and natural resourcesc2003